Country by Beer Bottle Quiz Stats

Quiz Updated Jul 14, 2016

Challenge
Share
Tweet
Score 0/24 Timer 05:00
4 Plays Today
% Correct
Mexico
96.9%
Ireland
96.8%
Italy
93.7%
United States
93.5%
Greece
84.1%
Japan
78.2%
Australia
77.8%
Belgium
75.1%
China
71.6%
Germany
68.8%
Netherlands
67.5%
Iceland
61%
% Correct
Denmark
60.2%
Russia
53.3%
Czechia
48.3%
Thailand
46.7%
Poland
45.3%
Austria
44.5%
India
33.3%
Norway
31.1%
Kenya
31%
Namibia
29.3%
Turkey
25.7%
Nepal
24.3%

You're not logged in!

Compare scores with friends on all Sporcle quizzes.
Join for Free
OR
Log In

You Might Also Like...

Show Comments

Extras

Top Quizzes Today


Score Distribution

Your Account Isn't Verified!

In order to create a playlist on Sporcle, you need to verify the email address you used during registration. Go to your Sporcle Settings to finish the process.

Report this User

Report this user for behavior that violates our Community Guidelines.

Details: